Normal view
MARC view
Entry Topical Term
001 - CONTROL NUMBER
- control field: 12951
003 - CONTROL NUMBER IDENTIFIER
- control field: BD-RjUL
005 - DATE AND TIME OF LATEST TRANSACTION
- control field: 20240509132447.0
008 - FIXED-LENGTH DATA ELEMENTS
- fixed length control field: 240509|| aca||aabn | a|a d
040 ## - CATALOGING SOURCE
- Original cataloging agency: BD-RjUL
- Transcribing agency: BD-RjUL
150 ## - HEADING--TOPICAL TERM
- Topical term or geographic name entry element: Sugarcane
- Form subdivision: Disease
- General subdivision: Potential
670 ## - SOURCE DATA FOUND
- Source citation: Work cat.: (BD-RjUL)83712: Mannan, Shaikh Abdul 12947, Selection of Potential Crosses for High Yield and Against White Leaf Disease of Sugarcane (Saccharum Officinarum) /, 1996